000 00530nam a22001577a 4500
082 _a621.31
_bKHA
100 _aKhan, Shahroz (329248)
_9132353
245 _aTechno-Economic Design and Implementation of a Solar- Wind Hybrid Micro Grid for Sustainable Energy Solutions in Rural Communities /
264 _aIslamabad :
_bUSPCAS-E, NUST
_caugust, 2024
300 _axii, 69 p.
_e+CD
520 _aTH-634
650 _aMS EEP Thesis
650 _aMS Thesis
_918721
700 _aSupervisor: Dr. Muhammad Yousif
942 _2ddc
_cTHE
999 _c615563
_d615563